ヒトを構成する20のアミノ酸 - Statistics

General Stats
  • This quiz has been taken 35 times
  • The average score is 13 of 20
Answer Stats
Picture Hint Answer % Correct
5.97 グリシン(Gly)
89%
5.48 フェニルアラニン(Phe)
89%
6.00 アラニン(Ala)
84%
2.77 アスパラギン酸(Asp)
74%
3.22 グルタミン酸(Glu)
74%
5.74 メチオニン(Met)
74%
5.05 システイン(Cys)
68%
9.75 リシン(Lys)
68%
6.05 イソロイシン(Ile)
63%
5.65 グルタミン(Gln)
58%
5.98 ロイシン(Leu)
58%
5.89 トリプトファン(Trp)
58%
10.76 アルギニン(Arg)
53%
5.41 アスパラギン(Asn)
53%
7.59 ヒスチジン(His)
53%
5.96 バリン(Val)
53%
6.30 プロリン(Pro)
47%
5.68 セリン(Ser)
47%
6.16 トレオニン(Thr)
47%
5.66 チロシン(Tyr)
42%
No matching quizzes found
Score Distribution
Percent of People with Each Score
Percentile by Number Answered
Your Score History
You have not taken this quiz